000
00278nam a22001337a 4500
008
170215b xxu||||| |||| 00| 0 eng d
020
_a
9781490284422
041
_a
eng
080
_a
61
100
_a
4
101
_a
SHM
245
_a
101 FACTS
_c
GAPENSKI, L.C
942
_2
udc
_c
BK
999
_c
5561
_d
5561